000 00804nam a2200229 a 4500
001 000043402
005 20201002040901.0
008 140314s1993 sp a 001 0 spa d
020 _a8420671231
040 _aDO-SdBNP
_bspa
_cBNPHU
041 1 7 _aspa
_heng
082 _axxx
_bxxx
100 1 _aGolding, John
_971062
240 1 0 _aCubism. a history and an analysis, 1907-1914.
_lEspañol
245 1 3 _aEl Cubismo :
_buna historia y un análisis, 1907-1914 /
_cJohn Golding ; versión española de Adolfo Góméz Cedillo.
260 _aMadrid :
_bAlianza Editorial,
_c1993.
300 _a199 p. :
_bil.
490 1 _aAlianza forma
_v123
500 _aIncluye referencias bibliográficas y notas al pie de las páginas
504 _aBibliografía : p. [177]-186
830 0 _aAlianza forma ;
_n123
_971063
999 _c42891
_d42891